Normal view
MARC view
- Das R.P
Entry Personal Name
001 - CONTROL NUMBER
- control field: 203729
003 - CONTROL NUMBER IDENTIFIER
- control field: OSt
005 - DATE AND TIME OF LATEST TRANSACTION
- control field: 20230719125516.0
008 - FIXED-LENGTH DATA ELEMENTS
- fixed length control field: 230719|| aca||aabn | a|a d
040 ## - CATALOGING SOURCE
- Original cataloging agency: OSt
- Transcribing agency: OSt
100 ## - HEADING--PERSONAL NAME
- Personal name: Das R.P
670 ## - SOURCE DATA FOUND
- Source citation: Work cat.: (OSt)354073: Das R.P., Neural Networks And Fuzzy Logic, 2012